Alle Vögel des Jahres - Statistiken

Allgemein
  • Dieses Quiz wurde 92 mal gespielt
  • Das Durchschnittsergebnis liegt bei 25 aus 53
Antwortstatistiken
Jahr Jahresvogel % Korrekt
1992 Rotkehlchen
80%
2021 Rotkehlchen
80%
1997 Buntspecht
79%
2005 Uhu
73%
2014 Grünspecht
69%
2008 Kuckuck
62%
2004 Zaunkönig
62%
2018 Star
59%
1973 Eisvogel
58%
2009 Eisvogel
58%
2015 Habicht
58%
2017 Waldkauz
56%
1978 Kranich
55%
2007 Turmfalke
55%
1999 Goldammer
54%
1979 Rauchschwalbe
54%
1984 Weißstorch
54%
1994 Weißstorch
54%
2000 Rotmilan
52%
1977 Schleiereule
52%
1971 Wanderfalke
52%
1976 Wiedehopf
52%
2022 Wiedehopf
52%
2002 Haussperling
51%
1995 Nachtigall
51%
1996 Kiebitz
49%
1990 Pirol
49%
1991 Rebhuhn
49%
2020 Turteltaube
49%
1974 Mehlschwalbe
48%
1981 Schwarzspecht
48%
1987 Braunkehlchen
45%
2023 Braunkehlchen
45%
2016 Stieglitz
45%
2012 Dohle
44%
2003 Mauersegler
44%
2006 Kleiber
42%
1985 Neuntöter
42%
1998 Feldlerche
41%
2019 Feldlerche
41%
2011 Gartenrotschwanz
39%
2001 Haubentaucher
39%
1986 Saatkrähe
37%
1972 Steinkauz
37%
2013 Bekassine
34%
2010 Kormoran
32%
1988 Wendehals
32%
1989 Teichrohrsänger
30%
1980 Birkhuhn
25%
1975 Goldregenpfeifer
21%
1983 Großer Brachvogel
21%
1982 Uferschwalbe
21%
1993 Flussregenpfeifer
15%
Keine übereinstimmenden Quizze gefunden
Verteilung der Resultate
Anzahl Personen mit jedem Resultat
Perzentil nach korrekt beantworteten Fragen
Ihre Resultats-Entwicklung
Sie haben dieses Quiz noch nicht gespielt